Animaux Disney - Statistiques

Statistiques générales
  • Ce quiz a été pris 1 957 fois
  • Le résultat moyen est 40 sur 152
Statistiques - réponses
Espèce Réponse % Correct
Lion Simba
88%
Cerf Bambi
85%
Eléphant Dumbo
84%
Lion Nala
79%
Lapin Panpan
76%
Lion Scar
76%
Suricate Timon
75%
Lion Mufasa
74%
Chat Marie
70%
Ours Baloo
68%
Poisson Nemo
66%
Poisson Polochon
66%
Renard Rox
63%
Chien Roucky
62%
Souris Gus
61%
Chat Duchesse
60%
Mouffette Fleur
60%
Crabe Sébastien
58%
Chat Berlioz
57%
Chat Toulouse
57%
Poisson Dory
53%
Ours Winnie l'Ourson
52%
Chien Clochard
51%
Singe Rafiki
51%
Tigre Tigrou
51%
Serpent Kaa
50%
Lézard Pascal
50%
Chat Thomas O'Malley
49%
Souris Bernard
48%
Rongeur Bianca
48%
Chien Pongo
48%
Oiseau Zazu
48%
Chat Lucifer
47%
Cochon Porcinet
47%
Phacochère Pumbaa
47%
Panthère Bagheera
45%
Ane Bourriquet
45%
Souris Jac
45%
Chien Lady
44%
Chien Perdita
42%
Rat Rémy
40%
Renard Robin
40%
Chien Volt
40%
Cheval Maximus
38%
Lion Sarabi
38%
Ours Koda
37%
Crocodile Louis
37%
Insecte Jiminy Cricket
36%
Hyène Ed
35%
Chat Figaro
35%
Dragon Mushu
34%
Elan Sven
34%
Poisson Marin
33%
Poisson Cléo
32%
Lapin Coco Lapin
32%
Chat Oliver
31%
Singe Abu
30%
Kangourou Petit Gourou
30%
Ours Petit Jean
29%
Lion Kiara
28%
Coq Hei
27%
Lion Kovu
27%
Cochon Pua
27%
Tigre Shere Kan
27%
Renard Marianne
26%
Lapin Judy
25%
Hyène Shenzi
25%
Hyène Banzaï
23%
Raton-laveur Meeko
23%
Renard Nick
23%
Oiseau Iago
22%
Souris Roquefort
22%
Souris Timothée
22%
Biche Féline
20%
Lion Prince Jean
20%
Chien Lucky
19%
Insecte Ray
19%
Oiseau Maitre Hibou
18%
Souris Basil
17%
Rat Emile
17%
Singe Louie
16%
Chien Patch
16%
Kangourou Grand Gourou
15%
Elan Muche
15%
Elan Truc
15%
Oiseau Flit
14%
Chien Pataud
14%
Souris Jack
13%
Eléphant Tantor
13%
Lion Zira
13%
Blaireau Frère Tuck
12%
Eléphant Jumbo
12%
Ours Kinai
12%
Chat Mitaine
12%
Chien Napoléon
12%
Chien Peg
12%
Lion Roi Richard
12%
Cheval Frou-Frou
11%
Chien Nana
11%
Chien Rolly
11%
Chien César
10%
Chien Lafayette
10%
Rat Ratigan
10%
Lion Vitani
10%
Cheval Pegase
9%
Chien Percy
9%
Cheval Philibert
9%
Lion Sarafina
9%
Crocodile Brutus
8%
Singe Kala
8%
Serpent Persifleur
8%
Chien Chef
7%
Poule Dame Gertrude
7%
Chien Doug
7%
Chien Jock
7%
Lion Nuka
7%
Hamster Rhino
7%
Loup Shérif de Nottingham
7%
Chèvre Djali
6%
Chien Georgette
6%
Crocodile Néron
6%
Souris Olivia
6%
Chien Roublard
6%
Chat Rufus
6%
Chien Scamp
6%
Chat Scat Cat
6%
Insecte Cri-Kee
5%
Lézard Franck
5%
Singe Kerchak
5%
Oiseau Orville
5%
Cerf Ronno
5%
Cochon Tirelire
5%
Chien Tito
5%
Chien Ange
4%
Oiseau Big Mama
4%
Lapin Bobby
4%
Chien Francis
4%
Vautour Niquedouille
4%
Chien Rita
4%
Tortue Tobby
4%
Singe Tokina
4%
Souris Dawson
3%
Chien Einstein
3%
Chauve-souris Fidget
3%
Chien Ouragan
3%
Chien Rosco
3%
Renard Vixy
3%
Chien Caïd
2%
Chien DeSoto
2%
Oiseau Piqueur
2%
Oiseau Wilbur
2%
Oiseau Dinky
1%
Aucun quiz correspondant
Distribution des résultats
% des personnes avec chaque résultat
Percentile par nombre de réponses
Votre historique - résultats
Vous n’avez pas pris ce quiz